000 01310nam a22003375i 4500
999 _c28204
_d28175
003 EG-ScBUE
005 20200303134748.0
008 200219s2015 ua f b 000 0 ara d
017 _a2014 / 25430
020 _a9789777610490
040 _aEG-ScBUE
_bara
_erda
_cEG-ScBUE
_dEG-ScBUE
082 0 4 _a341.45
_bي و س
_222
100 1 _aيوسف، يوسف حسن،
_eمؤلف.
245 1 0 _aتنازع القوانين في القانون البحري /
_cالدكتور يوسف حسن يوسف.
250 _aالطبعة الأولى.
264 1 _aالقاهرة :
_bالمركز القومي للإصدارات القانونية،
_c2015.
300 _a466 صفحة ؛
_c24 سم
336 _aنص
_btxt
_2rdacontent
337 _aبدون وسيط
_bn
_2rdamedia
338 _aمجلد
_bnc
_2rdacarrier
504 _aيشتمل على إرجاعات ببليوجرافية.
541 _aBook Fair, 2020
630 0 7 _aاتفاقية الأمم المتحدة لقانون البحار
_d(1982)
_940876
650 7 _aالقانون الدولي البحري.
_2BUEsh
650 7 _aالشحن البحري.
_2BUEsh
650 7 _aالنقل البحري.
_2BUEsh
650 7 _aالقانون الدولي التجاري.
_2BUEsh
651 _2BUEsh
653 _bLLAAWW
_cMarch2020
942 _2ddc